02928cam a2200745 4500999001700000001001400017005001700031008004100048020003100089040003200120041001300152044001100165072003300176072002900209080002000238080003500258080003300293080002000326080002800346080002400374080001600398080001600414080002300430100004000453240004200493245017700535264002700712300008900739336002600828337002900854338002900883500003300912600004200945610005600987610005601043610005501099648003601154648002701190648004001217650002501257650003501282650004201317650005301359650004301412650003901455650003301494650002501527650004001552650004201592650004001634650004201674650004001716651002801756651002901784651002801813651002701841655004401868655004401912700004301956700003801999958000702037958000702044958000702051952012402058 c24074d24074vtls01226411520251215120504.0240925s2024 xo habcg hi 011 0aslo  a9788055194967q(viazané) aSVKPObslocSVKPOdSNKerda1 asloheng axocSK 7a343.8xVäzenstvo2konspekt 7a929xBiografie2konspekt a(=411.16)22011 a323.12"1939/1945"-053.1522011 a355.48(100)"1939/1945"22011 a343.819.522011 a323.12"1939/1945"22011 a741/744-053.222011 a(438)22011 a(430)22011 a(0:82-312.6)220111 aGeve, Thomas,d1929-20244aut9530914aThe boy who drew AuschwitzlSlovensky10aChlapec, ktorý nakreslil Auschwitzbskutočný príbeh o nádeji a prežitícThomas Geve v spolupráci s Charlesom Inglefieldom ; preložil Róbert Hrebíček 1aBratislavabIkarc2024 a373 stránbfaksimile, ilustrácie (prevažne farebné), mapy, portrétyc21 cm atextbtxt2rdacontent abez médiabn2rdamedia azväzokbnc2rdacarrier aPreložené z angličtiny17aGeve, Thomas,d1929-20242SNKMA9530917aOsvienčim (koncentračný tábor)2SNKKA9216827aGross-Rosen (koncentračný tábor)2SNKKA9531017aBuchenwald (koncentračný tábor)2SNKKA95311 7a20.-21. storočie2SNKPH91994 7a1939-19452SNKPH92019 7a20th-21st centuries2SNKPHeng9182207aŽidia2SNKPH9173207ažidovské deti2SNKPH9454907apreživší holokaust2SNKPH9320407adruhá svetová vojna (1939-1945)2SNKPH9173507akoncentračné tábory2SNKPH9173407aholokaust (1939-1945)2SNKPH9173307adetské kresby2SNKPH9531207aJews2SNKPHeng9173707aHolocaust survivors2SNKPHeng9320507aWorld War (1939-1945)2SNKPHeng9174007aConcentration camps2SNKPHeng9173907aHolocaust (1939-1945)2SNKPHeng9173807aChildren's drawings2SNKPHeng95313 7aNemecko2SNKPHgeo93575 7aPoľsko2SNKPHgeo91754 7aGermany2SNKPHeng93576 7aPoland2SNKPHeng91755 7aautobiografické romány2SNKPH91743 7aAutobiographical novels2SNKPHeng917441 aInglefield, Charles,d1977-4clb953141 aHrebíček, Róbert4trl91780 aLX aUP aZD 00102udc40708Ka10000b10000d2025-12-15g14.90i22443l1oB10959pB10959r2026-04-22s2026-02-04w2025-12-15yKLDO